جريمتا قتل في شارع موزع / (رقم التسجيلة. 73380)

تفاصيل مارك
000 -LEADER
fixed length control field 00610nam a22001937a 4500
005 - DATE AND TIME OF LATEST TRANSACTION
control field 20251108172221.0
008 - FIXED-LENGTH DATA ELEMENTS--GENERAL INFORMATION
fixed length control field 250721s1989 xx 000 0 ara d
082 14 - DEWEY DECIMAL CLASSIFICATION NUMBER
Classification number ط/ق/بو
100 1# - MAIN ENTRY--PERSONAL NAME
Personal name بو، ادغار الان
245 10 - TITLE STATEMENT
Title جريمتا قتل في شارع موزع /
264 1# - PRODUCTION, PUBLICATION, DISTRIBUTION, MANUFACTURE, AND COPYRIGHT NOTICE
Place of production, publication, distribution, manufacture بغداد :
Name of producer, publisher, distributor, manufacturer وزارة الثقافة و الإعلام،
Date of production, publication, distribution, manufacture, or copyright notice 1989.
300 ## - PHYSICAL DESCRIPTION
Extent 114ص.
490 0# - SERIES STATEMENT
Series statement سلسلة الخيال
650 17 - SUBJECT ADDED ENTRY--TOPICAL TERM
Topical term or geographic name as entry element أدب الأطفال
653 ## - INDEX TERM--UNCONTROLLED
Uncontrolled term ناشئون كبار ( 15 - 18 سنة )
700 1# - ADDED ENTRY--PERSONAL NAME
Personal name حسن، مها محمد
Relator term ترجمة
942 ## - ADDED ENTRY ELEMENTS (KOHA)
Source of classification or shelving scheme Dewey Decimal Classification
Koha item type كتب
المقتنيات
حالة السحب حالة الفقدان مصدر التصنيف حالة التلف غير قابل للإعارة المكتبة الرئيسية المكتبة الحالية موقع الرف تاريخ التزويد الرقم المتسلسل Total Checkouts رقم الإستدعاء تاريخ آخر ظهور تاريخ الفاتورة نوع المادة (كوها) الباركود
    Dewey Decimal Classification     مكتبة قتيبة للأطفال مكتبة قتيبة للأطفال الأطفال 28/07/2025 788225   ط/ق/بو 28/07/2025 28/07/2025 كتب 788225
    Dewey Decimal Classification Unchecked   مكتبة النصر العامة مكتبة النصر العامة الأطفال 06/07/2004 2550   ط/ق/بو 28/07/2025 06/07/2004 كتب  
    Dewey Decimal Classification     مكتبة عدن للأطفال مكتبة عدن للأطفال الأطفال 06/09/2014 1581844   ط/ق/بو 28/07/2025 06/09/2014 كتب PLD00305658
Implemented & Customized by: BBB with SCIT (Smart Chains for Information Technology)

Powered by Koha